Emperors of the rising sun: (Record no. 222933)
[ view plain ]
| 000 -LEADER | |
|---|---|
| fixed length control field | 01845nam a22002297a 4500 |
| 005 - DATE AND TIME OF LATEST TRANSACTION | |
| control field | 20220516093439.0 |
| 008 - FIXED-LENGTH DATA ELEMENTS--GENERAL INFORMATION | |
| fixed length control field | 220516b ||||| |||| 00| 0 eng d |
| 020 ## - INTERNATIONAL STANDARD BOOK NUMBER | |
| International Standard Book Number | 4770016398 |
| 040 ## - CATALOGING SOURCE | |
| Transcribing agency | Aloy |
| 041 ## - LANGUAGE CODE | |
| Language code of text/sound track or separate title | eng |
| 082 ## - DEWEY DECIMAL CLASSIFICATION NUMBER | |
| Edition number | 23 |
| Classification number | 952.092 |
| Item number | LARE |
| 100 ## - MAIN ENTRY--PERSONAL NAME | |
| Personal name | Stephen S Large |
| 100 ## - MAIN ENTRY--PERSONAL NAME | |
| 9 (RLIN) | 37107 |
| 245 ## - TITLE STATEMENT | |
| Title | Emperors of the rising sun: |
| Remainder of title | Three biographies |
| 260 ## - PUBLICATION, DISTRIBUTION, ETC. | |
| Place of publication, distribution, etc. | Tokyo |
| Name of publisher, distributor, etc. | Kodansha International |
| Date of publication, distribution, etc. | 1997 |
| 300 ## - PHYSICAL DESCRIPTION | |
| Extent | 231p. |
| Other physical details | HB |
| Dimensions | 19x13cm. |
| 365 ## - TRADE PRICE | |
| Source of price type code | History |
| 520 ## - SUMMARY, ETC. | |
| Summary, etc. | The history of modern Japan cannot be conceived without reference to its emperors. Japan became a modern nation during the reign of Emperor Meiji from 1868 to 1912, experienced an interlude for a good part of the reign of Emperor Taisho (1912-26), and then suffered defeat in war and rose from its ashes during the reign of Emperor Showa (Hirohito) from 1926 to 1989.<br/>What role did the three emperors play in forming the policies of government and influencing the course the country would take? How did their personalities affect this role? What kind of men, in fact, were they? It is such questions as these that the author, Stephen S. Large, winner of the Ohira Prize for his book on Emperor Hirohito, attempts to answer.<br/>From Emperors of the Rising Sun: Three Biographies the reader will not only gain an insight into the lives and characters of the three emperors but will also acquire an understanding of the inner workings of Japanese politics and a knowledge of the behind-the-scenes stories that determined the kind of nation that Japan would become. In short, Emperors of the Rising Sun is enjoyable as well as insightful, a delight for anyone interested in the history of Japan or the roles that emperors have played in modern times. |
| 650 ## - SUBJECT ADDED ENTRY--TOPICAL TERM | |
| Topical term or geographic name entry element | Biography |
| 9 (RLIN) | 37108 |
| 650 ## - SUBJECT ADDED ENTRY--TOPICAL TERM | |
| Topical term or geographic name entry element | Japan |
| 9 (RLIN) | 37109 |
| 700 ## - ADDED ENTRY--PERSONAL NAME | |
| Personal name | LARGE (Stephen S) |
| 9 (RLIN) | 37110 |
| 942 ## - ADDED ENTRY ELEMENTS (KOHA) | |
| Source of classification or shelving scheme | Dewey Decimal Classification |
| Koha item type | George Fernandes Collections |
| Withdrawn status | Lost status | Source of classification or shelving scheme | Damaged status | Not for loan | Collection code | Home library | Current library | Date acquired | Total Checkouts | Full call number | Barcode | Date last seen | Price effective from | Koha item type |
|---|---|---|---|---|---|---|---|---|---|---|---|---|---|---|
| Dewey Decimal Classification | Others | St Aloysius Library | St Aloysius Library | 03/24/2013 | 952.092 LARE | GF02039 | 05/16/2022 | 05/16/2022 | George Fernandes Collections |